000 01027nam0a22002531 4500
001 rc\2249613
005 20260407133945.0
035 _a(NLR Aleph) 006652752
090 _a4811694
_c4811694
100 _a20110829d1978 |||y0rusy50 ca
101 0 _arus
102 _aRU
105 _ay z |||||
200 1 _aГигиена труда на фосфорных заводах
_e(Метод. рекомендации по гигиен. обучению)
_fМ-во здравоохранения КазССР, Респ. дом сан. просвещения
_g[В.А. Козловский]
210 _aАлма-Ата
_cБ. и.
_d1978
215 _a19 с.
_d20
702 1 _aКозловский
_bВ.А.
_4220
712 0 2 _aКазахский республиканский дом санитарного просвещения
_cАлма-Ата
_3RU\NLR\AUTH\8810000706
_9498584
801 0 _aRU
_bNLR
_gpsbo
801 1 _aRU
_bELAR
_2rusmarc
852 _aNLR
_j79-4/8699
899 _aRuMoRGB
_jM 79-5/232
942 _cBOOK
980 _aNB